000 01525nam a2200313Ia 4500
999 _c5146
_d5146
003 OSt
005 20200406225338.0
008 191128s2013 ck gr 000 0 spa d
020 _a9789586958813
040 _aCO-JMCR
_cCO-JMCR
041 1 _aspa
_hfre
082 0 4 _a321.8 /
_bN157d
_221
100 1 _aNanteuil, Matthieu de,
_eautor
_92587
245 1 3 _aLa democracia insensible :
_beconomía y política a prueba del cuerpo /
_cMatthieu de Nanteuil ; traducción Heriberto López
250 _aSegunda edición
260 _aBogotá :
_bUniversidad de los Andes,
_c2013
300 _axviii, 224 páginas ;
_c24 cm.
490 0 _aHistoria
504 _aBibliografía: páginas 213-224.
505 0 _a¿Un solo cuerpo? -- Mundo común, sensibilidad y división del trabajo -- ¿Una economía con rostro humano? -- El sentido político de los derechos humanos -- Sobre la utopía crítica
520 _aEn lo que va del Siglo XXI, todo parece indicar que para Occidente la "cuestión del cuerpo" es un problema resuelto. A la liberación de los cuerpos propia de la generación del 68 le sucedieron las formas sensuales de la "pipolización" y la publicidad.
534 _pLa Démocratie insensible : économie et politique à l'épreuve du corps.
546 _aTraducido del francés.
650 1 4 _aEconomía
_xaspectos sociológicos
_92588
650 1 4 _aSociología política
_92589
650 1 4 _aDemocracia
_xaspectos sociales
_92590
700 1 _aLópez, Heriberto,
_etraductor
_92591
942 _2ddc
_cBK